[Event "Championnat de France des Jeunes - Minimettes"]
[Site "AIX LES BAINS"]
[Date "2009.04.20"]
[Round "1.15"]
[White "Haller, Noemie"]
[Black "Saucey, Capucine"]
[Result "0-1"]
[WhiteElo "1450"]
[BlackElo "1764"]
[PlyCount "82"]
[EventDate "2009.04.20"]
[SourceDate "2009.04.20"]

1. e4 e5 2. d4 exd4 3. c3 d5 4. cxd4 dxe4 5. Bc4 Nf6 6. Bg5 Be7 7. Nc3 O-O 8.
Nge2 Bf5 9. Ng3 Bg6 10. h4 h6 11. Bxf6 Bxf6 12. h5 Bh7 13. Bd5 c6 14. Bxe4 Bxe4
15. Ngxe4 Bxd4 16. Qc2 Re8 17. O-O-O Qb6 18. Nd6 Rd8 19. Nc4 Qc5 20. Ne2 Na6
21. a3 b5 22. Nxd4 Rxd4 23. Rxd4 Qxd4 24. Ne3 Qf6 25. Rd1 Rc8 26. Nd5 Qe6 27.
Nf4 Qg4 28. g3 Qg5 29. Kb1 Nc5 30. b4 Na4 31. Qb3 Qf5+ 32. Ka2 Qe5 33. Rd7 Nc3+
34. Kb2 Ne4+ 35. Ka2 Nd6 36. Ng6 Qe2+ 37. Kb1 Qe1+ 38. Kc2 Qxf2+ 39. Kc1 Qf1+
40. Kc2 Qf5+ 41. Kc1 Qxd7 0-1

[Event "Championnat de France des Jeunes - Benjamins"]
[Site "AIX LES BAINS"]
[Date "2009.04.20"]
[Round "1.1"]
[White "Malka, Samuel"]
[Black "Moussard, Jules"]
[Result "1/2-1/2"]
[WhiteElo "1772"]
[BlackElo "2276"]
[Annotator ""]

1. d4 Nf6 2. c4 c5 3. d5 e6 4. Nc3 exd5 5. cxd5 d6 6. e4 g6 7. g3 Bg7 8. Bg2
O-O 9. Nge2 Re8 10. O-O a6 11. a4 Nbd7 12. Bf4 Ne5 13. Nc1 Nh5 14. Bxe5 Bxe5
15. Nd3 Bg7 16. Qd2 c4 17. Nc1 Bd7 18. N1e2 b5 19. axb5 axb5 20. Nd4 Qb6 21.
Nc6 b4 22. Ne2 Bxc6 23. dxc6 Qc5 24. Rxa8 Rxa8 25. Rd1 Be5 26. Qd5 Rc8 27. Qxc5
dxc5 28. Rd5 c3 29. bxc3 b3 30. f4 b2 31. Rd1 Ra8 32. fxe5 Ra1 33. Kf2 Rxd1 34.
c7 b1=Q 35. c8=Q+ Kg7 36. g4 Nf4 37. Nxf4 Rd2+ 38. Ne2 Qd3 39. Bf3 Qxc3 40. Qc7
Qd4+ 41. Kg3 Qd8 42. Qxc5 h5 43. Qc6 h4+ 44. Kg2 Qg5 45. Qf6+ Qxf6 46. exf6+
Kxf6 47. Kf2 Ke5 48. h3 Ra2 49. Ke3 f6 50. Kf2 Ra3 51. Bg2 Kd6 52. Nf4 g5 53.
Nd5 Ke5 54. Bf3 Ra2+ 55. Be2 Rb2 56. Kf3 Rb3+ 57. Kg2 Rg3+ 58. Kh2 Kxe4 59.
Nxf6+ Ke3 60. Nh5 Kf2 61. Bf1 Rg1 62. Bb5 Rc1 63. Ba6 Rc7 64. Bb5 Rc5 1/2-1/2

[Event "Championnat de France des Jeunes - Benja"]
[Site "AIX LES BAINS"]
[Date "2009.04.19"]
[Round "1.2"]
[White "Giroyan, Gary"]
[Black "Baroudel, Hadrien"]
[Result "1-0"]
[WhiteElo "2168"]
[BlackElo "1770"]
[PlyCount "45"]

1. e4 e5 2. Nf3 Nc6 3. Bb5 a6 4. Ba4 Nf6 5. d3 b5 6. Bb3 Bc5 7. c3 d6 8. Nbd2
Be6 9. Bc2 Ba7 10. Nf1 Ne7 11. Ng3 O-O 12. O-O Ng6 13. h3 d5 14. Ng5 Bd7 15. d4
exd4 16. cxd4 h6 17. e5 Nh7 18. Nxf7 Rxf7 19. Bxg6 Rf8 20. Be3 Ng5 21. f4 Ne6
22. f5 Ng5 23. Qg4 1-0

[Event "Championnat de France des Jeunes - Benja"]
[Site "AIX LES BAINS"]
[Date "2009.04.19"]
[Round "1.3"]
[White "Bombail, Leonard"]
[Black "Loiseau, Quentin"]
[Result "0-1"]
[WhiteElo "1770"]
[BlackElo "2076"]
[PlyCount "82"]

1. d4 Nf6 2. c4 g6 3. Nc3 Bg7 4. e4 d6 5. f3 O-O 6. Be3 Nbd7 7. Qd2 a6 8. Bd3
c5 9. Nge2 Rb8 10. d5 Ne5 11. O-O e6 12. dxe6 fxe6 13. b3 Nc6 14. Rad1 e5 15.
Bg5 Be6 16. Nd5 Bxd5 17. exd5 Nd4 18. Nxd4 cxd4 19. Rde1 Qd7 20. f4 Nh5 21.
fxe5 Bxe5 22. Bh6 Rxf1+ 23. Rxf1 Qg4 24. Qf2 Nf4 25. h3 Qd7 26. Qd2 Nh5 27. Qg5
Ng7 28. Re1 Rc8 29. Kh1 Qf7 30. Rf1 Qe7 31. Qg4 Rf8 32. Rxf8+ Kxf8 33. Bxg7+
Kxg7 34. h4 Qf6 35. h5 Qf2 36. Qe4 Qd2 37. Qe2 Qc1+ 38. Qf1 Qg5 39. Qf3 Bg3 40.
hxg6 Qh4+ 41. Kg1 Qh2+ 0-1

[Event "Championnat de France des Jeunes - Benja"]
[Site "AIX LES BAINS"]
[Date "2009.04.19"]
[Round "1.4"]
[White "Roubaud, Alexandre"]
[Black "Dutreuil, Raphael"]
[Result "1-0"]
[WhiteElo "2074"]
[BlackElo "1760"]
[PlyCount "37"]

1. e4 e6 2. d4 d5 3. e5 c5 4. c3 Qb6 5. Nf3 Bd7 6. a3 Bb5 7. Bxb5+ Qxb5 8. Qe2
Qxe2+ 9. Kxe2 Nc6 10. b4 cxd4 11. cxd4 a5 12. b5 Na7 13. Nc3 Rc8 14. Kd3 Be7
15. Bd2 f6 16. exf6 gxf6 17. Rhe1 Kd7 18. Na4 Rb8 19. Nb6+ 1-0

[Event "Championnat de France des Jeunes - Benja"]
[Site "AIX LES BAINS"]
[Date "2009.04.19"]
[Round "1.5"]
[White "Macon, Arthur"]
[Black "Thon, Gabriel"]
[Result "0-1"]
[WhiteElo "1732"]
[BlackElo "2057"]
[PlyCount "48"]

1. d4 d5 2. c4 c6 3. Nf3 Nf6 4. Nc3 e6 5. Bg5 h6 6. Bh4 dxc4 7. e4 g5 8. Bg3 b5
9. Be2 Bb7 10. O-O Nbd7 11. Ne5 h5 12. Nxd7 Qxd7 13. Be5 Rh6 14. Bxf6 Rxf6 15.
Bxh5 O-O-O 16. Ne2 Rh6 17. Bf3 c5 18. a4 f5 19. h3 g4 20. hxg4 fxe4 21. g5 Rh4
22. g3 exf3 23. gxh4 e5 24. Kh2 Qg4 0-1

[Event "Championnat de France des Jeunes - Benja"]
[Site "AIX LES BAINS"]
[Date "2009.04.19"]
[Round "1.6"]
[White "Grandadam, Patrick"]
[Black "Khalfaoui, Mathias"]
[Result "1-0"]
[WhiteElo "2055"]
[BlackElo "1730"]
[PlyCount "145"]

1. Nf3 Nf6 2. c4 e6 3. Nc3 d5 4. d4 c6 5. Bg5 Be7 6. e3 Nbd7 7. Qc2 O-O 8. Rc1
Nb6 9. c5 Nbd7 10. Bd3 h6 11. Bf4 Nh5 12. O-O Nxf4 13. exf4 Bf6 14. Ne5 Qc7 15.
b4 b6 16. Ne2 b5 17. Ng3 Bxe5 18. fxe5 a5 19. a3 Nb8 20. Qd2 axb4 21. axb4 Ra4
22. Bc2 Ra7 23. Qd3 g6 24. Qe3 Kg7 25. h4 Qe7 26. Qf4 h5 27. Ra1 Rxa1 28. Rxa1
Na6 29. Ra3 Rh8 30. Rb3 Bd7 31. Bd1 Bc8 32. Be2 Bd7 33. Bd1 Bc8 34. Ne2 Bd7 35.
Qg3 Bc8 36. Nf4 Kf8 37. Rf3 Kg7 38. Nh3 Bd7 39. Ra3 Bc8 40. Ng5 Nxb4 41. Rf3
Rf8 42. Rb3 Na6 43. Bxh5 Bd7 44. Be2 Rh8 45. Ra3 Nb8 46. Ra7 Qd8 47. Bg4 Qe7
48. Qh3 Re8 49. Rb7 Kg8 50. Qf3 Kg7 51. Qg3 Rf8 52. Qh3 Re8 53. Be2 Rh8 54. Qg3
Re8 55. Ra7 Qd8 56. Ra3 Rh8 57. Rf3 Be8 58. Rf4 Qa5 59. Qf3 Qa7 60. Rg4 Qe7 61.
Qg3 Qa7 62. Nh3 Qe7 63. Nf4 Rh6 64. Bd3 Qa7 65. h5 b4 66. hxg6 Qa1+ 67. Bf1
fxg6 68. Nxe6+ Kf7 69. Ng5+ Ke7 70. e6 Qa7 71. Qd6+ Kf6 72. Rf4+ Kg7 73. Qf8#
1-0

[Event "Championnat de France des Jeunes - Benja"]
[Site "AIX LES BAINS"]
[Date "2009.04.19"]
[Round "1.7"]
[White "Christophe, Jean-Francois"]
[Black "Barbot, Pierre"]
[Result "1/2-1/2"]
[WhiteElo "1728"]
[BlackElo "2050"]
[PlyCount "77"]

1. d4 Nf6 2. c4 g6 3. Nc3 d5 4. Bf4 Bg7 5. Nf3 O-O 6. e3 c5 7. dxc5 Qa5 8. Qb3
Ne4 9. Be5 Nxc5 10. Qb5 Qxb5 11. cxb5 Bxe5 12. Nxe5 e6 13. O-O-O f6 14. Nd3 b6
15. b4 Nxd3+ 16. Bxd3 Bb7 17. h4 Nd7 18. h5 f5 19. Bc2 Rac8 20. Kb2 Rc4 21. Rd4
Rfc8 22. Rxc4 Rxc4 23. a3 Nf6 24. hxg6 hxg6 25. Bb3 Rc8 26. f3 Kg7 27. Rd1 Rd8
28. Ne2 e5 29. Rc1 Rc8 30. Rxc8 Bxc8 31. Kc3 Bb7 32. Kd3 Kf8 33. f4 exf4 34.
Nxf4 Ke7 35. Nxg6+ Kd6 36. Nf4 Ke5 37. Ng6+ Kd6 38. Nf4 Ke5 39. Ng6+ 1/2-1/2

[Event "Championnat de France des Jeunes - Benja"]
[Site "AIX LES BAINS"]
[Date "2009.04.19"]
[Round "1.8"]
[White "Neri, Jean-Baptiste"]
[Black "Antonucci, Nicolas"]
[Result "1-0"]
[WhiteElo "2009"]
[BlackElo "1720"]
[PlyCount "57"]

1. e4 c5 2. Nf3 Nc6 3. d4 cxd4 4. Nxd4 g6 5. c4 Bg7 6. Be3 Nf6 7. Nc3 O-O 8.
Be2 d6 9. O-O Ng4 10. Bxg4 Bxg4 11. Nxc6 Qd7 12. Nxe7+ Kh8 13. f3 Bxf3 14.
Nxg6+ fxg6 15. Rxf3 Qc6 16. Qd5 Qc7 17. Raf1 Rfe8 18. Rf7 Re7 19. Bd4 Be5 20.
Nb5 Qd8 21. Bxe5+ Rxe5 22. Qxb7 Qb6+ 23. Qxb6 axb6 24. Rf8+ Rxf8 25. Rxf8+ Kg7
26. Rb8 Rxe4 27. Nxd6 Rd4 28. Rxb6 Rd1+ 29. Kf2 1-0

[Event "Championnat de France des Jeunes - Benja"]
[Site "AIX LES BAINS"]
[Date "2009.04.19"]
[Round "1.9"]
[White "Kovarski, Julien"]
[Black "Gueriche, Guillaume"]
[Result "0-1"]
[WhiteElo "1720"]
[BlackElo "1972"]
[PlyCount "108"]

1. d4 Nf6 2. c4 e6 3. Nc3 Bb4 4. Qc2 c5 5. dxc5 Nc6 6. Nf3 Bxc5 7. Bg5 b6 8. e3
Bb7 9. Ne4 Bb4+ 10. Nfd2 Rc8 11. a3 Bxd2+ 12. Nxd2 d5 13. Qd3 Ne5 14. Qd4 Nxc4
15. Nxc4 dxc4 16. Qxd8+ Kxd8 17. O-O-O+ Ke7 18. f3 h6 19. Bh4 b5 20. e4 e5 21.
Bf2 a6 22. g3 Rc6 23. Be1 Rd8 24. Bb4+ Ke8 25. Rxd8+ Kxd8 26. Bh3 Bc8 27. Rd1+
Ke8 28. Bxc8 Rxc8 29. Rd6 Ra8 30. Bc3 Nd7 31. f4 Nc5 32. Bxe5 Nd3+ 33. Kc2 Nxe5
34. fxe5 Ke7 35. Rb6 Kd7 36. Kc3 Kc7 37. Rd6 f6 38. Kd4 fxe5+ 39. Kxe5 Re8+ 40.
Kd5 Rxe4 41. Rxa6 Re2 42. Ra7+ Kb6 43. Rxg7 Rd2+ 44. Ke4 Rxh2 45. Rg6+ Kc5 46.
g4 Re2+ 47. Kf4 Rxb2 48. Rxh6 Rb3 49. Rh5+ Kd4 50. g5 c3 51. Kf5 c2 52. Rh1 Rb1
53. Rh4+ Kd5 54. Rh8 Rf1+ 0-1

[Event "Championnat de France des Jeunes - Benja"]
[Site "AIX LES BAINS"]
[Date "2009.04.19"]
[Round "1.10"]
[White "Aubry, Yannis"]
[Black "Masson, Clement"]
[Result "1-0"]
[WhiteElo "1932"]
[BlackElo "1720"]
[PlyCount "117"]

1. d4 d5 2. Nf3 Nf6 3. e3 Bg4 4. c4 e6 5. Qb3 Qc8 6. Ne5 Bf5 7. Nc3 c6 8. f3 h6
9. cxd5 exd5 10. e4 Be6 11. Qc2 Nbd7 12. Nd3 dxe4 13. fxe4 Be7 14. Be2 O-O 15.
O-O Rd8 16. Nf4 Nb6 17. Nxe6 Qxe6 18. Be3 Ng4 19. Bxg4 Qxg4 20. Rf3 Bg5 21. Bf2
Qe6 22. Rd1 Qg6 23. Qb3 Rd7 24. Rfd3 Rad8 25. d5 cxd5 26. Bxb6 axb6 27. exd5
Be7 28. Qc4 Bc5+ 29. Kh1 Qh5 30. Rh3 Qf5 31. Qd3 Qf2 32. Qd2 Qf5 33. Rf3 Qh5
34. Rdf1 Qg6 35. Rg3 Qh5 36. Ne4 Be7 37. Qd4 g6 38. d6 Qb5 39. Rgf3 Bg5 40. a4
Qc6 41. Rc3 Rxd6 42. Nxd6 Qxd6 43. Qc4 Qe7 44. Rcf3 Rf8 45. Qb3 Qc7 46. Qc3 Qd7
47. Qc4 Kg7 48. Qc3+ Kg8 49. Qd3 Qc6 50. b4 h5 51. b5 Qe6 52. Qb3 Qd7 53. Rg3
Qd2 54. h4 Bxh4 55. Rxg6+ Kh7 56. Rxf7+ Kxg6 57. Qe6+ Kg5 58. Qf5+ Kh6 59. Rh7#
1-0

[Event "Championnat de France des Jeunes - Benja"]
[Site "AIX LES BAINS"]
[Date "2009.04.19"]
[Round "1.11"]
[White "Mouzayek, Remi"]
[Black "Cabanes, Kim"]
[Result "0-1"]
[WhiteElo "1720"]
[BlackElo "1932"]
[PlyCount "86"]

1. d4 d5 2. Bg5 Nf6 3. Nf3 e6 4. e3 Be7 5. Bd3 h6 6. Bf4 c5 7. c4 a6 8. O-O
dxc4 9. Bxc4 b5 10. Be2 Bb7 11. dxc5 Qxd1 12. Rxd1 Bxc5 13. Nbd2 Nc6 14. Nb3
Be7 15. Rac1 O-O 16. Ne5 Nxe5 17. Bxe5 Rac8 18. f3 Rxc1 19. Rxc1 Rc8 20. Rxc8+
Bxc8 21. e4 Nd7 22. Bd4 e5 23. Be3 Nb8 24. a3 b4 25. axb4 Bxb4 26. Nc5 Kf8 27.
Bc4 Ke7 28. Kf2 f6 29. Ke2 a5 30. b3 Nc6 31. Nd3 Kd6 32. Kd1 f5 33. h3 fxe4 34.
fxe4 Nd4 35. Nxb4 axb4 36. Bxd4 exd4 37. Kd2 Bb7 38. g3 Bxe4 39. Ke2 Ke5 40.
Bb5 Bd5 41. Bc4 Bxc4+ 42. bxc4 Kd6 43. Kd3 Kc5 0-1

[Event "Championnat de France des Jeunes - Benja"]
[Site "AIX LES BAINS"]
[Date "2009.04.19"]
[Round "1.12"]
[White "Lemeille, Francois"]
[Black "Noireaut, Hung"]
[Result "1-0"]
[WhiteElo "1931"]
[BlackElo "1720"]
[PlyCount "119"]

1. e4 Nf6 2. e5 Nd5 3. c4 Nb6 4. d4 d6 5. exd6 cxd6 6. Nf3 g6 7. h3 Bg7 8. Be2
Nc6 9. O-O Bd7 10. Nc3 O-O 11. Bg5 Re8 12. Rc1 Rc8 13. Ne4 d5 14. Nd6 Qc7 15.
Nxe8 Rxe8 16. cxd5 Nxd5 17. Bc4 Be6 18. Re1 Qb6 19. Qb3 Qxb3 20. Bxb3 Nc7 21.
Bxe6 Nxe6 22. d5 Nxg5 23. Nxg5 Nb4 24. d6 Nc6 25. Nf3 e6 26. Red1 Rd8 27. b3
Bf8 28. d7 Ba3 29. Rc4 Kf8 30. Ng5 h6 31. Ne4 Ke7 32. Ra4 Bb4 33. a3 Ba5 34.
Rc4 Rxd7 35. Rxd7+ Kxd7 36. Nc5+ Kc7 37. b4 Bb6 38. Nd3 Kd6 39. Nc5 Kc7 40. Ne4
Kd7 41. Rc3 Bd4 42. Rc2 b6 43. Kf1 f5 44. Nc3 Bf6 45. Rd2+ Ke7 46. Ne2 e5 47.
Rc2 Kd7 48. f3 Kd6 49. g4 e4 50. gxf5 gxf5 51. Ng3 Nd4 52. Rd2 Ke5 53. fxe4
fxe4 54. Ne2 Nxe2 55. Kxe2 Kf4 56. Rd6 Bg5 57. h4 Ke5 58. Rg6 Kf5 59. Rc6 Bc1
60. Rxc1 1-0

[Event "Championnat de France des Jeunes - Benja"]
[Site "AIX LES BAINS"]
[Date "2009.04.19"]
[Round "1.13"]
[White "Renaudin, Jeremy"]
[Black "Feryn, Benjamin"]
[Result "1/2-1/2"]
[WhiteElo "1720"]
[BlackElo "1920"]
[PlyCount "66"]

1. d4 Nf6 2. Bf4 g6 3. Nf3 Bg7 4. e3 O-O 5. Bd3 d6 6. Nbd2 Nbd7 7. O-O c5 8. c3
d5 9. Re1 b6 10. e4 c4 11. Bc2 Bb7 12. e5 Ne8 13. Bg3 Nc7 14. Ng5 h6 15. Nxf7
Rxf7 16. e6 Rf6 17. exd7 Qxd7 18. Be5 Rc6 19. Nf3 Qe8 20. Qd2 Rc8 21. Qf4 Ne6
22. Qh4 g5 23. Qg4 Qf8 24. Bf5 Nf4 25. Bxf4 gxf4 26. Bxc8 Bxc8 27. Qh4 e6 28.
Ne5 Bxe5 29. Rxe5 Rc7 30. Rae1 Rg7 31. Rh5 Rg6 32. Rhe5 Bd7 33. Qh5 Kh7 1/2-1/2

[Event "Championnat de France des Jeunes - Benja"]
[Site "AIX LES BAINS"]
[Date "2009.04.19"]
[Round "1.14"]
[White "Levacic, Adrien"]
[Black "Cohen-Codar, Ariel"]
[Result "1-0"]
[WhiteElo "1910"]
[BlackElo "1716"]
[PlyCount "65"]

1. d4 e6 2. c4 f5 3. g3 Nf6 4. Bg2 d6 5. Nf3 d5 6. O-O Bd6 7. b3 Nbd7 8. Ba3
Bxa3 9. Nxa3 O-O 10. Nc2 Qe8 11. Nb4 Qh5 12. Nd3 g5 13. Qc1 h6 14. h4 Ne4 15.
Nfe5 Nxe5 16. Nxe5 Kh7 17. Bf3 g4 18. Bxe4 fxe4 19. c5 Qf5 20. Kh2 Rg8 21. f3
gxf3 22. exf3 Rg7 23. Qe3 exf3 24. Rxf3 Qh5 25. Raf1 Kh8 26. Rf8+ Rg8 27. Nf7+
Kh7 28. Rxg8 Kxg8 29. Nxh6+ Kh8 30. Rf8+ Kg7 31. Rg8+ Kh7 32. Qd3+ Kxh6 33.
Rh8+ 1-0

[Event "Championnat de France des Jeunes - Benja"]
[Site "AIX LES BAINS"]
[Date "2009.04.19"]
[Round "1.15"]
[White "Bapst, Valentin"]
[Black "Ringuet, Noe"]
[Result "0-1"]
[WhiteElo "1702"]
[BlackElo "1906"]
[PlyCount "72"]

1. e4 c5 2. Nf3 d6 3. d4 cxd4 4. Nxd4 Nf6 5. Nc3 a6 6. Bg5 e6 7. f4 Nbd7 8. Qf3
h6 9. Bh4 e5 10. Bxf6 Nxf6 11. Nf5 exf4 12. Qxf4 Bxf5 13. exf5 Be7 14. O-O-O
O-O 15. Kb1 Qa5 16. g4 Rac8 17. h4 Rc5 18. Bd3 Rxc3 19. bxc3 Nd5 20. Qc4 Nxc3+
21. Kc1 d5 22. Qb3 Nxa2+ 23. Kb1 Nc3+ 24. Kc1 Nxd1 25. Rxd1 Bxh4 26. Be2 Qa1+
27. Kd2 Qd4+ 28. Kc1 Qa1+ 29. Kd2 Qa5+ 30. Kc1 Bg5+ 31. Kb1 Bf6 32. Kc1 Rd8 33.
Bf3 d4 34. Be4 Re8 35. Bd3 Qa1+ 36. Qb1 Bg5+ 0-1

[Event "Championnat de France des Jeunes - Benjamines"]
[Site "AIX LES BAINS"]
[Date "2009.04.20"]
[Round "1.1"]
[White "Belafkih, Kimia"]
[Black "Aflalo, Sophie"]
[Result "0-1"]
[WhiteElo "1490"]
[BlackElo "1985"]
[Annotator ""]

1. e4 c5 2. Nf3 Nc6 3. Bc4 e6 4. Nc3 d6 5. O-O Nf6 6. d4 cxd4 7. Nxd4 Be7 8.
Re1 O-O 9. f4 d5 10. exd5 exd5 11. Bb3 Bc5 12. Be3 Ng4 13. Nxc6 Nxe3 14. Nxd8
Nxd1+ 15. Kf1 Nxc3 16. bxc3 Rxd8 17. Rad1 Be6 18. Rd2 Rac8 19. f5 Bxf5 20. Bxd5
Rd6 21. Red1 Rf6 22. Ke1 Bg4 23. Bf3 Bxf3 24. gxf3 g6 25. Rd3 Re8+ 26. Kf1 Rfe6
27. h3 Kg7 28. a4 Re2 29. R3d2 Rxd2 30. Rxd2 Re3 31. Kg2 Rxc3 32. Re2 Ra3 33.
Re4 Rc3 34. Re2 a5 35. Kg3 b6 36. Rd2 Ra3 37. Rd1 Rxa4 38. Rb1 Ra2 39. c3 Rc2
40. Rb3 a4 41. Rb1 a3 42. Ra1 a2 43. c4 Bd4 0-1

[Event "Championnat de France des Jeunes - Benja"]
[Site "AIX LES BAINS"]
[Date "2009.04.19"]
[Round "1.2"]
[White "Eid, Maha"]
[Black "Del Valle, Clemence"]
[Result "1-0"]
[WhiteElo "1929"]
[BlackElo "1470"]
[PlyCount "81"]
[EventDate "2009.??.??"]

1. d4 d5 2. c4 e6 3. Nc3 Nf6 4. cxd5 exd5 5. Bg5 Be7 6. e3 Be6 7. Bd3 Nbd7 8.
Nge2 h6 9. Bh4 c6 10. Qc2 Qc7 11. h3 Rc8 12. O-O-O c5 13. Bxf6 Bxf6 14. Nf4 Qc6
15. Bb5 Qd6 16. Nxe6 Qxe6 17. Kb1 O-O 18. Qd2 Rfd8 19. Rhe1 a6 20. Be2 Qc6 21.
Bg4 Rc7 22. Rc1 Qd6 23. f4 Nb6 24. Be2 Re8 25. g4 Qe6 26. Nd1 Qe4+ 27. Bd3 Qe7
28. Qa5 Rc6 29. dxc5 Nd7 30. Nc3 Rxc5 31. Qb4 Bxc3 32. Rxc3 Rxc3 33. Qxc3 Nc5
34. Bc2 Rc8 35. b4 b6 36. bxc5 Rxc5 37. Qe5 Qxe5 38. fxe5 Rc6 39. Rd1 Rc5 40.
e4 Rb5+ 41. Kc1 1-0

[Event "Championnat de France des Jeunes - Benja"]
[Site "AIX LES BAINS"]
[Date "2009.04.19"]
[Round "1.3"]
[White "Gourdelier, Alice"]
[Black "Navrotescu, Andreea-Cristiana"]
[Result "0-1"]
[WhiteElo "1460"]
[BlackElo "1853"]
[PlyCount "80"]
[EventDate "2009.??.??"]

1. e4 c5 2. c3 d5 3. Qc2 dxe4 4. Qxe4 Nc6 5. Nf3 Nf6 6. Qc2 g6 7. Bb5 Bd7 8. d3
Bg7 9. Bg5 a6 10. Bc4 b5 11. Bxf6 Bxf6 12. Bd5 Rc8 13. Nbd2 Ne5 14. Rd1 Bf5 15.
Nxe5 Qxd5 16. Nef3 Bxd3 17. Qc1 Qe6+ 18. Ne4 Qxe4+ 19. Qe3 Qxe3+ 20. fxe3 Be4
21. O-O Bxf3 22. Rxf3 Rd8 23. Rff1 e6 24. a4 Ke7 25. Ra1 b4 26. Rfc1 bxc3 27.
bxc3 Rd3 28. Ra3 Rb8 29. e4 Rb2 30. Rf1 Rdd2 31. Kh1 Rxg2 32. Rb1 Rxh2+ 33. Kg1
Rxb1+ 34. Kxh2 h5 35. Kh3 h4 36. e5 Bxe5 37. Kxh4 f5 38. c4 Bf6+ 39. Kg3 e5 40.
Rd3 e4 0-1

[Event "Championnat de France des Jeunes - Benj"]
[Site "AIX LES BAINS"]
[Date "2009.04.19"]
[Round "1.4"]
[White "Afraoui, S."]
[Black "Houzelot, Alice"]
[Result "1/2-1/2"]
[WhiteElo "1840"]
[BlackElo "1460"]
[PlyCount "135"]
[EventDate "2009.??.??"]

1. Nf3 Nc6 2. d4 d5 3. g3 Nf6 4. Bg2 e6 5. Nbd2 Bd6 6. O-O O-O 7. c4 Re8 8. e3
e5 9. cxd5 Nxd5 10. e4 Nf6 11. d5 Ne7 12. Re1 Ng6 13. h3 Bd7 14. Nc4 Bc5 15. a3
Qc8 16. b4 Bf8 17. Kh2 h6 18. Bb2 Bd6 19. Rc1 Qd8 20. Nfd2 Bb5 21. Re3 Bd7 22.
Rec3 Rc8 23. Qb3 b5 24. Na5 Rf8 25. Nb7 Qe7 26. Nc5 Nh7 27. Nxd7 Qxd7 28. R3c2
f5 29. Qc3 Ng5 30. h4 Nf7 31. Nb3 h5 32. exf5 Qxf5 33. Bh3 Qe4 34. Bxc8 Rxc8
35. Rd1 Nh6 36. f3 Qf5 37. Qd3 Qf6 38. Kg2 a6 39. Nc5 Qf7 40. Ne4 Be7 41. d6
Bxh4 42. Qd5 Qxd5 43. Rxd5 Bd8 44. dxc7 Bxc7 45. Rdc5 Nf5 46. Kf2 Bb6 47. g4
Bxc5+ 48. Rxc5 Rxc5 49. bxc5 hxg4 50. fxg4 Nfe7 51. Ke3 Kf7 52. Nd6+ Ke6 53.
Ke4 Nc6 54. Ne8 Kf7 55. Nc7 Nb8 56. Kd5 Ke7 57. c6 Nf4+ 58. Ke4 Nxc6 59. Nxa6
Ng6 60. Nc7 b4 61. Nd5+ Ke6 62. Nxb4 Na5 63. Bc3 Nc4 64. a4 Nd6+ 65. Kd3 Nf4+
66. Ke3 Nc4+ 67. Kf2 g6 68. Nc2 1/2-1/2

[Event "Championnat de France des Jeunes - Benja"]
[Site "AIX LES BAINS"]
[Date "2009.04.19"]
[Round "1.5"]
[White "Ponti-Simonis, Valentine"]
[Black "Rigolot, Lucie"]
[Result "0-1"]
[WhiteElo "1460"]
[BlackElo "1831"]
[PlyCount "94"]

1. e4 c5 2. Nf3 d6 3. d4 cxd4 4. Nxd4 Nf6 5. Nc3 a6 6. Bd3 e6 7. O-O b5 8. a3
Bb7 9. Re1 Qc7 10. h3 Be7 11. Bg5 Nbd7 12. Qf3 h6 13. Bd2 O-O 14. Qg3 Ne5 15.
f4 Nc4 16. Bc1 Nd7 17. f5 Bf6 18. Nb3 Be5 19. Qg4 Nf6 20. Qf3 Rac8 21. Rb1 Nxa3
22. Ra1 Nc4 23. Bxc4 bxc4 24. Na5 Ba8 25. Bd2 d5 26. exd5 Nxd5 27. Qf1 Nb4 28.
Rec1 Qc5+ 29. Kh1 exf5 30. Qg1 Bd4 31. Qf1 Rfe8 32. Na4 Qxa5 33. Bxb4 Qxb4 34.
c3 Qd6 35. cxd4 Qxd4 36. Rd1 Qa7 37. Qg1 Qxg1+ 38. Kxg1 Rc6 39. Rd7 Rg6 40. Rd2
Kh7 41. Nb6 Rxb6 42. Rf2 Rbe6 43. Rff1 Re2 44. Rxf5 Rxg2+ 45. Kf1 Rh2 46. Rxf7
Rh1+ 47. Kf2 Rxa1 0-1

[Event "Championnat de France des Jeunes - Benja"]
[Site "AIX LES BAINS"]
[Date "2009.04.19"]
[Round "1.6"]
[White "Griggio, Julie"]
[Black "Richier, Lucie"]
[Result "1-0"]
[WhiteElo "1807"]
[BlackElo "1460"]
[PlyCount "91"]

1. e4 c5 2. Nf3 d6 3. d4 cxd4 4. Nxd4 g6 5. Nc3 a6 6. Be2 Bg7 7. O-O Nf6 8. Be3
O-O 9. Qd2 Nc6 10. Nb3 b5 11. h3 Bb7 12. Bh6 b4 13. Nd5 Nxe4 14. Qe3 Nc5 15.
Bxg7 Kxg7 16. Nxc5 dxc5 17. Qxc5 Rc8 18. Nb6 Rc7 19. Rad1 Qe8 20. Bf3 f6 21.
Nd5 Rc8 22. Qb6 Rb8 23. Nc7 Ba8 24. Nxe8+ Rfxe8 25. Qxa6 Ne5 26. Bxa8 Rxa8 27.
Qb7 Rab8 28. Qd5 Rb6 29. f4 Nf7 30. Qc5 Rb7 31. Rd4 Reb8 32. Re1 Rb5 33. Qxe7
R8b7 34. Rd7 Rxd7 35. Qxd7 Rb8 36. Re7 Rf8 37. Re8 b3 38. Rxf8 Kxf8 39. cxb3 f5
40. b4 g5 41. fxg5 Nxg5 42. b5 h6 43. b6 Nf7 44. b7 Kg7 45. Qxf7+ Kxf7 46. b8=Q
1-0

[Event "Championnat de France des Jeunes - Benja"]
[Site "AIX LES BAINS"]
[Date "2009.04.19"]
[Round "1.7"]
[White "Abbassi, Zeyneb"]
[Black "Ruhlmann, Helene"]
[Result "1-0"]
[WhiteElo "1450"]
[BlackElo "1780"]
[PlyCount "157"]

1. e4 d5 2. Nc3 dxe4 3. Nxe4 e5 4. Nf3 Nc6 5. Bb5 Bd7 6. c3 Nf6 7. d3 Qe7 8.
Qb3 O-O-O 9. Be3 Nxe4 10. dxe4 a6 11. Qa4 Nb8 12. Bxd7+ Qxd7 13. Qxd7+ Nxd7 14.
Ng5 Re8 15. Nxf7 Rg8 16. Ng5 h6 17. Nf3 Nf6 18. Nd2 Ng4 19. Ke2 Nxe3 20. Kxe3
Bc5+ 21. Ke2 Rgf8 22. f3 Kd7 23. Rad1 Ke6 24. Nb3 Ba7 25. Rd5 Rd8 26. Rhd1 Rxd5
27. Rxd5 c6 28. Nc5+ Bxc5 29. Rxc5 Rd8 30. g3 g5 31. a4 Kd6 32. Rc4 a5 33. b4
b5 34. Rc5 Rb8 35. axb5 axb4 36. cxb4 Rxb5 37. Rxb5 cxb5 38. Ke3 Ke6 39. h3 Kf6
40. f4 Ke6 41. fxe5 Kxe5 42. Kf3 h5 43. h4 gxh4 44. gxh4 Ke6 45. Kf4 Kf6 46.
e5+ Ke6 47. Ke4 Ke7 48. Kf5 Kf7 49. e6+ Ke7 50. Ke5 Ke8 51. Kf6 Kf8 52. Kg6 Ke7
53. Kxh5 Kxe6 54. Kg5 Kf7 55. Kh5 Kf6 56. Kh6 Kf5 57. h5 Kf6 58. Kh7 Kf7 59. h6
Kf8 60. Kg6 Kg8 61. h7+ Kh8 62. Kf5 Kxh7 63. Ke5 Kg7 64. Kd5 Kf7 65. Kc5 Ke7
66. Kxb5 Kd7 67. Kb6 Kc8 68. Kc6 Kb8 69. Kb6 Kc8 70. Kc6 Kb8 71. Kb6 Kc8 72. b5
Kb8 73. Kc6 Kc8 74. Kb6 Kb8 75. Ka6 Ka8 76. b6 Kb8 77. b7 Kc7 78. Ka7 Kc6 79.
b8=Q 1-0

[Event "Championnat de France des Jeunes - Benja"]
[Site "AIX LES BAINS"]
[Date "2009.04.19"]
[Round "1.8"]
[White "Monpeurt, Cyrielle"]
[Black "Guerin, Laurie-Jade"]
[Result "1-0"]
[WhiteElo "1755"]
[BlackElo "1430"]
[PlyCount "77"]

1. e4 c5 2. Nf3 d6 3. d4 cxd4 4. Nxd4 Nf6 5. Nc3 e6 6. Be3 a6 7. Qf3 Qc7 8.
O-O-O b5 9. Bd3 e5 10. Nf5 Nc6 11. Qg3 g6 12. Nh6 Be6 13. Qh4 Bg7 14. Bg5 Nh5
15. g4 f6 16. gxh5 fxg5 17. Qxg5 Qa5 18. hxg6 Bxh6 19. Qxh6 O-O-O 20. gxh7 b4
21. Qxe6+ Kb8 22. Ne2 Rxh7 23. Qd5 Qb6 24. Rdg1 Kc7 25. Qc4 Kb7 26. Rg8 Rxg8
27. Qxg8 Rd7 28. Qc4 Rg7 29. Kb1 Nd8 30. Qd5+ Kc7 31. f3 Rg2 32. h4 Kd7 33. h5
Ne6 34. b3 Nf4 35. Nxf4 exf4 36. Rd1 Qc7 37. e5 Rh2 38. exd6 Qxd6 39. Bf5+ 1-0

[Event "Championnat de France des Jeunes - Benja"]
[Site "AIX LES BAINS"]
[Date "2009.04.19"]
[Round "1.9"]
[White "Segura, Juliette"]
[Black "Pouillart, Cecile"]
[Result "0-1"]
[WhiteElo "1430"]
[BlackElo "1745"]
[PlyCount "108"]

1. e4 c5 2. Nf3 d6 3. Bc4 Nf6 4. d3 g6 5. Be3 Bg7 6. Nc3 Nc6 7. Qe2 O-O 8. O-O
Ng4 9. Bd2 Nge5 10. Bb3 Bg4 11. Nd5 Nd4 12. Qd1 Ndxf3+ 13. gxf3 Nxf3+ 14. Kh1
Bh5 15. Qc1 e6 16. Nf4 Qh4 17. h3 e5 18. Kg2 Ng5 19. Rh1 Bf3+ 20. Kf1 Bxh1 21.
Ke2 Bf3+ 22. Ke1 exf4 23. Bxf4 Nxh3 24. Bg3 Qg5 25. Qxg5 Nxg5 26. Bd5 Rad8 27.
Bxb7 Bxb2 28. Rb1 Bc3+ 29. Kf1 d5 30. Bxd5 Rd7 31. Bc6 Rd4 32. Be5 Rb4 33. Rxb4
Bxb4 34. c3 Ba3 35. d4 Bxe4 36. Bxe4 Nxe4 37. dxc5 Bxc5 38. Ke2 Re8 39. f4
Nxc3+ 40. Kd3 Nxa2 41. Kc4 Bb6 42. Kb5 h5 43. Kc6 h4 44. Kd6 h3 45. f5 Rd8+ 46.
Ke7 Rd2 47. Kf6 gxf5 48. Kxf5 h2 49. Kf6 h1=Q 50. Ke7 Qe4 51. Kf6 Rf2+ 52. Ke7
Qxe5+ 53. Kd7 Rd2+ 54. Kc8 Qc7# 0-1